Self-knowledge : A treatise, shewing the nature and benefit of that important science, and the way to attain it. Intermixed with various reflections and observations on human nature. By John Mason, A.M.

Bibliographic Details
Main Author: Mason, John, 1706-1763
Format: eBook
Language:English
Edition:The fifth edition.
Series:Eighteenth century collections online.
Online Access:Full text online

MARC

Tag First Indicator Second Indicator Subfields
LEADER 00000cam a2200000 4500
001 in00001908639
006 m | d |
007 cr |n||||||||n
008 860109s1755 enk|||| s 00| ||eng d
005 20260406223335.2
035 |a (CStRLIN)ESTCN21818 
040 |a Cu-RivES  |c Cu-RivES  |d CStRLIN  |d Thomson Gale  |d UtOrBLW 
100 1 |a Mason, John,  |d 1706-1763. 
245 1 0 |a Self-knowledge :  |b A treatise, shewing the nature and benefit of that important science, and the way to attain it. Intermixed with various reflections and observations on human nature. By John Mason, A.M. 
250 |a The fifth edition. 
264 3 |a London :  |b printed for J. Buckland; and J. Waugh and W. Fenner,  |c 1755. 
300 |a xxvi, 2 unnumbered pages, 273, that is, 275 pages, 9 unnumbered pages ;  |c 8⁰. 
336 |a text  |b txt  |2 rdacontent 
337 |a computer  |b c  |2 rdamedia 
338 |a online resource  |b cr  |2 rdacarrier 
500 |a Pp. 273 and 275 misnumbered 275 and 273. 
500 |a With an index. 
500 |a Reproduction of original from the Harvard University Libraries. 
510 4 |a English Short Title Catalog,  |c ESTCN21818. 
533 |a Electronic reproduction.  |b Farmington Hills, Mich. :  |c Thomson Gale,  |d 2003.  |n Available via the World Wide Web.  |n Access limited by licensing agreements  |7 s2003 miunns 
500 |a Electronic resource. 
830 0 |a Eighteenth century collections online. 
856 4 0 |u http://proxy.library.tamu.edu/login?url=https://galenet.galegroup.com/servlet/ECCO?c=1&stp=Author&ste=11&af=BN&ae=N021818&tiPG=1&dd=0&dc=flc&docNum=CW119447768&vrsn=1.0&srchtp=a&d4=0.33&n=10&SU=0LRF&locID=txshracd2898  |z Full text online  |t 0 
999 |a MARS 
999 f f |s 918758a8-929e-35ca-8fc9-de6b87653d8f  |i 2c7150de-d5bc-3c62-b312-e94fa3987480  |t 0 
952 f f |a Texas A&M University  |b College Station  |c Electronic Resources  |s www_evans  |d Available Online  |t 0  |h No information provided 
998 f f |t 0  |l Available Online